| 000 | 004250000a22001810004500 | ||
|---|---|---|---|
| 003 | LK-CoMWRAF | ||
| 005 | 20231002152132.0 | ||
| 008 | 230817t ||||| |||| 00| 0 eng d | ||
| 040 |
_aLK-CoMWRAF _dLK-CoMWRAF _eLK-CoMWRAF |
||
| 041 | _aeng | ||
| 082 |
_a363.46 _bOSM |
||
| 100 | _aOsman, Fathi | ||
| 245 | _aAbortion | ||
| 260 |
_aLas Angeles : _bMinaret publication, |
||
| 300 | _a08p | ||
| 650 | _aAbortion | ||
| 942 | _cBK | ||
| 999 |
_c102 _d102 |
||